|
|
|
|
| LEADER |
01399nam a2200361 a 4500 |
| 001 |
EBC3399006 |
| 003 |
MiAaPQ |
| 005 |
20200520144314.0 |
| 006 |
m o d | |
| 007 |
cr cn||||||||| |
| 008 |
130426s1994 fr ad sb 100 0 fre d |
| 020 |
|
|
|z 2853624005
|
| 020 |
|
|
|z 9782853624008
|
| 020 |
|
|
|z 9782759206995 (e-book)
|
| 035 |
|
|
|a (MiAaPQ)EBC3399006
|
| 035 |
|
|
|a (Au-PeEL)EBL3399006
|
| 035 |
|
|
|a (CaPaEBR)ebr10686525
|
| 035 |
|
|
|a (OCoLC)923343416
|
| 040 |
|
|
|a MiAaPQ
|c MiAaPQ
|d MiAaPQ
|
| 050 |
|
4 |
|a GB980
|b .H93 1994
|
| 111 |
2 |
|
|a HydrOsystemes
|d (1994 :
|c Paris)
|
| 245 |
1 |
0 |
|a Du concept de BVRE a celui de zone atelier dans les recherches menees en eaux continentales
|h [electronic resource] /
|c coordination scientifique, Didier Houi, Jean-Louis Verrel.
|
| 260 |
|
|
|a Paris :
|b CEMAGREF,
|c 1994.
|
| 300 |
|
|
|a 226 p. :
|b ill.
|
| 500 |
|
|
|a Actes du seminaire national HydrOsystemes. Paris 10-11 mai 1994.
|
| 504 |
|
|
|a Includes bibliographical references.
|
| 533 |
|
|
|a Electronic reproduction. Ann Arbor, MI : ProQuest, 2015. Available via World Wide Web. Access may be limited to ProQuest affiliated libraries.
|
| 650 |
|
0 |
|a Watershed hydrology.
|
| 655 |
|
4 |
|a Electronic books.
|
| 700 |
1 |
|
|a Houi, Didier.
|
| 700 |
1 |
|
|a Verrel, Jean-Louis.
|
| 710 |
2 |
|
|a ProQuest (Firm)
|
| 856 |
4 |
0 |
|u https://ebookcentral.proquest.com/lib/matrademy/detail.action?docID=3399006
|z Click to View
|